Medical Jurisprudence & Toxicology (Record no. 343533)
[ view plain ]
| 000 -LEADER | |
|---|---|
| fixed length control field | 00546 a2200205 4500 |
| 003 - CONTROL NUMBER IDENTIFIER | |
| control field | OSt |
| 005 - DATE AND TIME OF LATEST TRANSACTION | |
| control field | 20180116182644.0 |
| 008 - FIXED-LENGTH DATA ELEMENTS--GENERAL INFORMATION | |
| fixed length control field | 160526b xxu||||| |||| 00| 0 eng d |
| 020 ## - INTERNATIONAL STANDARD BOOK NUMBER | |
| International Standard Book Number | 0 |
| 040 ## - CATALOGING SOURCE | |
| Transcribing agency | 0 |
| 082 ## - DEWEY DECIMAL CLASSIFICATION NUMBER | |
| Classification number | 340.6 MOD 2000 |
| 100 ## - MAIN ENTRY--PERSONAL NAME | |
| Personal name | Modi's |
| 245 ## - TITLE STATEMENT | |
| Title | Medical Jurisprudence & Toxicology |
| Statement of responsibility, etc. | Modi's |
| 250 ## - EDITION STATEMENT | |
| Edition statement | 22nd ed. |
| 260 ## - PUBLICATION, DISTRIBUTION, ETC. | |
| Place of publication, distribution, etc. | Islamabad, Pakistan |
| Name of publisher, distributor, etc. | National Book Foundation |
| Date of publication, distribution, etc. | 1999 |
| 300 ## - PHYSICAL DESCRIPTION | |
| Extent | 587 p |
| Other physical details | HB |
| 440 ## - SERIES STATEMENT/ADDED ENTRY--TITLE | |
| Title | Medical Jurisprudence & Toxicology |
| 500 ## - GENERAL NOTE | |
| General note | Hard Cover |
| 942 ## - ADDED ENTRY ELEMENTS (KOHA) | |
| Institution code [OBSOLETE] | NBS |
| Koha item type | Book |
| Call number prefix | 340.6 MOD 1999 |
| Source of classification or shelving scheme | |
| Withdrawn status | Lost status | Damaged status | Not for loan | Permanent Location | Current Location | Date acquired | Total Checkouts | Full call number | Barcode | Date last seen | Date last checked out | Price effective from | Koha item type | Total Renewals | Source of classification or shelving scheme | Collection code | Shelving location |
|---|---|---|---|---|---|---|---|---|---|---|---|---|---|---|---|---|---|
| NUST Law School (NLS) | NUST Law School (NLS) | 08/28/2013 | 1 | 340.6 SUB | NBSD-409 | 11/23/2017 | 08/16/2017 | 08/28/2013 | Book | ||||||||
| NUST Law School (NLS) | NUST Law School (NLS) | 08/28/2013 | 1 | 340.6 SUB | NBSD-410 | 11/23/2017 | 08/16/2017 | 08/28/2013 | Book | ||||||||
| NUST Law School (NLS) | NUST Law School (NLS) | 08/28/2013 | 1 | 340.6 SUB | NBSD-407 | 11/23/2017 | 08/16/2017 | 08/28/2013 | Book | ||||||||
| NUST Law School (NLS) | NUST Law School (NLS) | 08/28/2013 | 1 | 340.6 SUB | NBSD-406 | 11/19/2024 | 08/16/2017 | 08/28/2013 | Book | 3 | |||||||
| NUST Law School (NLS) | NUST Law School (NLS) | 08/28/2013 | 1 | 340.6 SUB | NBSD-408 | 11/23/2017 | 08/16/2017 | 08/28/2013 | Book | ||||||||
| NUST Law School (NLS) | NUST Law School (NLS) | 08/11/2016 | 1 | 340.6 SUB 2000 | NBSD-2660 | 11/23/2017 | 08/16/2017 | 08/11/2016 | Book | General Stacks |
